Modern English Pathways Supplementry Reader (Record no. 159435)

MARC details
000 -LEADER
fixed length control field 00765nam a22002297a 4500
005 - DATE AND TIME OF LATEST TRANSACTION
control field 20181217170331.0
006 - FIXED-LENGTH DATA ELEMENTS--ADDITIONAL MATERIAL CHARACTERISTICS--GENERAL INFORMATION
fixed length control field a|||||f|||| 00| 0
007 - PHYSICAL DESCRIPTION FIXED FIELD--GENERAL INFORMATION
fixed length control field tc
008 - FIXED-LENGTH DATA ELEMENTS--GENERAL INFORMATION
fixed length control field 180713b xxu|||||f|||| 00| 0 eng d
010 ## - LCCN (DPL NO)
LC control number B-079074-B-079075
020 ## - INTERNATIONAL STANDARD BOOK NUMBER
Terms of availability 11.00
035 ## - SYSTEM CONTROL NUMBER
System control number B-079074
037 ## - SOURCE OF ACQUISITION
Source of stock number/acquisition A.I.C.B.
082 ## - DEWEY DECIMAL CLASSIFICATION NUMBER
Classification number 480
100 ## - MAIN ENTRY--PERSONAL NAME
Personal name Khan, Nasiruddin
245 ## - TITLE STATEMENT
Title Modern English Pathways Supplementry Reader
Statement of responsibility, etc by Nasiruddin Khan
260 ## - PUBLICATION, DISTRIBUTION, ETC. (IMPRINT)
Place of publication, distribution, etc New Delhi
Name of publisher, distributor, etc A.I.C.B.
Date of publication, distribution, etc N.D.
270 ## - ADDRESS
Address Sector-5, Rohini,
City New Delhi
Postal code 110085
Telephone number 011-27054082
300 ## - PHYSICAL DESCRIPTION
Extent various pages
Dimensions 30cm(HB)
942 ## - ADDED ENTRY ELEMENTS (KOHA)
Source of classification or shelving scheme Dewey Decimal Classification
Item type Braille-Books-English
Classification part 480
Call number suffix KHA
Holdings
Withdrawn status Lost status Not for loan Collection code Home library Current library Date acquired Source of acquisition Cost, normal purchase price Full call number Barcode Copy number Koha item type
      Non-fiction Braille-Library Braille-Library 14/11/2003 1502/14-11-2003 11.00 480 KHA B-079074 1 Braille-Books-English
      Non-fiction Braille-Library Braille-Library 14/11/2003 1502/14-11-2003 11.00 480 KHA B-079075 1 Braille-Books-English

© Delhi Public Library
Hit Counter
free hit counter